English in Mechanical Engineering (Record no. 1858)

MARC details
000 -LEADER
fixed length control field 00765cam a2200277 i 4500
001 - CONTROL NUMBER
control field 1295580
003 - CONTROL NUMBER IDENTIFIER
control field OSt
005 - DATE AND TIME OF LATEST TRANSACTION
control field 20231017130527.0
008 - FIXED-LENGTH DATA ELEMENTS--GENERAL INFORMATION
fixed length control field 761126s1974 enka 000 0 eng
010 ## - LIBRARY OF CONGRESS CONTROL NUMBER
LC control number 76377604
015 ## - NATIONAL BIBLIOGRAPHY NUMBER
National bibliography number GB75-01067
020 ## - INTERNATIONAL STANDARD BOOK NUMBER
International Standard Book Number 0194375013 :
Terms of availability �2.00
040 ## - CATALOGING SOURCE
Original cataloging agency DLC
Transcribing agency DLC
Modifying agency DLC
050 00 - LIBRARY OF CONGRESS CALL NUMBER
Classification number PE1128.A2
Item number G54
082 00 - DEWEY DECIMAL CLASSIFICATION NUMBER
Classification number 629 GLE 1987
100 1# - MAIN ENTRY--PERSONAL NAME
Personal name Glendinning, Eric H.
9 (RLIN) 4883
245 10 - TITLE STATEMENT
Title English in Mechanical Engineering
250 ## - EDITION STATEMENT
Edition statement Teacher's ed.
260 ## - PUBLICATION, DISTRIBUTION, ETC. (IMPRINT)
Place of publication, distribution, etc. London :
Name of publisher, distributor, etc. Oxford University Press,
Date of publication, distribution, etc. 1974.
300 ## - PHYSICAL DESCRIPTION
Extent xxiii, 131 p. :
Other physical details ill ;
Dimensions 24 cm.
490 0# - SERIES STATEMENT
Series statement English in focus
650 #0 - SUBJECT ADDED ENTRY--TOPICAL TERM
Topical term or geographic name as entry element Engineering
9 (RLIN) 4884
650 #0 - SUBJECT ADDED ENTRY--TOPICAL TERM
Topical term or geographic name as entry element Mechanics
9 (RLIN) 4885
906 ## - LOCAL DATA ELEMENT F, LDF (RLIN)
a 7
b cbc
c orignew
d 4
e ncip
f 19
g y-gencatlg
942 ## - ADDED ENTRY ELEMENTS (KOHA)
Source of classification or shelving scheme Other/Generic Classification Scheme
Koha item type Short Loan
Holdings
Withdrawn status Lost status Source of classification or shelving scheme Damaged status Not for loan Home library Current library Date acquired Source of acquisition Inventory number Total Checkouts Full call number Barcode Date last seen Koha item type
    Dewey Decimal Classification     MUST Main Library MUST Main Library 25/05/2015 Purchase 99/13096   629 GLE 1987 2015-1570 25/05/2015 Short Loan